000 00631 a2200205 4500
001 216222791
003 UA-OsUOA
005 20220912165609.0
008 220829b un ||||| |||| 00| 0 ukr d
040 _aUA-OsUOA
_bukr
_cUA-OsUOA
_dUA-OsUOA
041 _aukr
080 _a050
090 _a050
245 _aКалендар "Українських Вістей"
_n1964, 1967;
260 _aЕдмонтон
650 _2UDC
_a050 Періодика
942 _cMG
_2udc
955 _a0
999 _c573102
_d573102